000 00601nam a2200205 a 4500
001 000013875
005 20200929163400.0
008 091130s1973 ve 000 f spa d
040 _aDO-SdBNP
_bspa
_cBNPHU
082 _aV863.44
_bJ41f
100 1 _aJauregui, Julio,
_931427
245 1 0 _aFinal de otro sombrio /
_cJulio Jauregui.
260 _aCaracas :
_bFuentes,
_c1973.
300 _a153, [3] p. ; :
_bil. ;
_c20 cm.
490 1 _aTodos los fuegos
650 4 _aNovela venezolana
_93962
650 4 _aLiteratura venezolana
_ySIGLO XX
_99777
830 0 _aTodos los fuegos
_931428
049 _aBNGR
999 _c13481
_d13481